000
00302 a2200145 4500
001
170886
020
_a
040
_c
Magnum
100
_a
Silva, Maria Alda Loya Soares, Et Al.
240
1
0
_a
Rita, a ruiva
_l
por
245
1
0
_a
Rita, a ruiva
362
0
_a
1899
697
_a
IJ/CONTOS
942
_c
BK
999
_c
170886
_d
170886